书目信息 |
| 题名: |
语法修辞六讲
|
|
| 作者: | 高葆泰 著 | |
| 分册: | ||
| 出版信息: | 银川 宁夏人民出版社 1981 |
|
| 页数: | 181页 | |
| 开本: | 19cm | |
| 丛书名: | ||
| 单 册: | ||
| 中图分类: | H14 | |
| 科图分类: | ||
| 主题词: | 汉语--语法 | |
| 电子资源: | ||
| ISBN: | ||
| 000 | 00554nam0 2200217 45 | |
| 001 | 0204171555 | |
| 005 | 20060720172836.40 | |
| 010 | @dCNY0.78 | |
| 091 | @a7157.388 | |
| 100 | @a20020417d1981 km y0chiy0120 ea | |
| 101 | 0 | @achi |
| 102 | @aCN@b630000 | |
| 102 | @aCN@b630000 | |
| 200 | 1 | @a语法修辞六讲@Ayu fa xiu ci liu jiang@f高葆泰著@Fgao bao tai zhu |
| 210 | @a银川@c宁夏人民出版社@d1981 | |
| 215 | @a181页@d19cm | |
| 606 | 0 | @a汉语@x语法 |
| 690 | @aH14@v3 | |
| 701 | 0 | @a高葆泰@Agao bao tai@4著 |
| 801 | @aCN@bTSTC@c20060720 | |
| 905 | @dH14@e1 | |
| 语法修辞六讲/高葆泰著.-银川:宁夏人民出版社,1981 |
| 181页;19cm |
| ISBN :CNY0.78 |
| ● |
| 相关链接 |
|
|
|
|
正题名:语法修辞六讲
索取号:H14/1
 
预约/预借
| 序号 | 登录号 | 条形码 | 馆藏地/架位号 | 状态 | 备注 |
| 1 | 0063936 | 001526156 | 密集书库/ [索取号:H14/1] | 在馆 | |
| 2 | 0063937 | 202283803 | 密集书库/ [索取号:H14/1] | 在馆 | |
| 3 | 0063938 | 001526165 | 密集书库/ [索取号:H14/1] | 在馆 | |
| 4 | 0063939 | 001526094 | 密集书库/ [索取号:H14/1] | 在馆 | |
| 5 | 0063940 | 202266154 | 密集书库/ [索取号:H14/1] | 在馆 | |
| 6 | 0063941 | 202283741 | 密集书库/ [索取号:H14/1] | 在馆 | |
| 7 | 0063942 | 202283750 | 密集书库/ [索取号:H14/1] | 在馆 | |
| 8 | 0063943 | 001526147 | 密集书库/ [索取号:H14/1] | 在馆 | |
| 9 | 0063944 | 001795123 | 密集书库/ [索取号:H14/1] | 在馆 | |
| 10 | 0063945 | 001526138 | 密集书库/ [索取号:H14/1] | 在馆 | |
| 11 | 0073175 | 202223138 | 密集书库/ [索取号:H14/1] | 在馆 | |
| 12 | 0073176 | 202223094 | 密集书库/ [索取号:H14/1] | 在馆 | |
| 13 | 0073177 | 001367381 | 密集书库/ [索取号:H14/1] | 在馆 | |
| 14 | 0073178 | 001523989 | 密集书库/ [索取号:H14/1] | 在馆 | |
| 15 | 0073179 | 001523943 | 密集书库/ [索取号:H14/1] | 在馆 | |
| 16 | 0073180 | 001367461 | 密集书库/ [索取号:H14/1] | 在馆 | |
| 17 | 0073181 | 000912515 | 第四借阅区/ [索取号:H14/1] | 在馆 | |
| 18 | 0073182 | 000912597 | 第四借阅区/ [索取号:H14/1] | 在馆 | |
| 19 | 0073183 | 000912524 | 第四借阅区/ [索取号:H14/1] | 在馆 | |
| 20 | 0079258 | 001367309 | 密集书库/ [索取号:H14/1] | 在馆 | |
| 21 | 0079259 | 202223174 | 密集书库/ [索取号:H14/1] | 在馆 | |
| 22 | 0079260 | 001523970 | 密集书库/ [索取号:H14/1] | 在馆 | |
| 23 | 0108579 | 000912631 | 第四借阅区/ [索取号:H14/1] | 在馆 | |
| 24 | 0108580 | 001367425 | 密集书库/ [索取号:H14/1] | 在馆 | |
| 25 | 0108581 | 001367416 | 密集书库/ [索取号:H14/1] | 在馆 | |
| 26 | 0434583 | 204345832 | 密集书库/ [索取号:H14/1] | 在馆 | |
| 27 | 0434584 | 204345841 | 密集书库/ [索取号:H14/1] | 在馆 | |
| 28 | 0435350 | 204353500 | 密集书库/ [索取号:H14/1] | 在馆 | |
| 29 | 0435351 | 204353519 | 密集书库/ [索取号:H14/1] | 在馆 | |
| 30 | 0435352 | 204353528 | 密集书库/ [索取号:H14/1] | 在馆 | |
| 31 | 0435353 | 204353537 | 密集书库/ [索取号:H14/1] | 在馆 | |
| 32 | 0435354 | 204353546 | 密集书库/ [索取号:H14/1] | 在馆 | |
| 33 | 0436381 | 204363811 | 密集书库/ [索取号:H14/1] | 在馆 | |
| 34 | 0447826 | 204478261 | 密集书库/ [索取号:H14/1] | 在馆 | |
| 35 | 0455434 | 204554348 | 密集书库/ [索取号:H14/1] | 在馆 | |
| 36 | 0462436 | 204624362 | 密集书库/ [索取号:H14/1] | 在馆 | |
| 37 | 0462437 | 204624371 | 密集书库/ [索取号:H14/1] | 在馆 | |
| 38 | 0462438 | 204624380 | 密集书库/ [索取号:H14/1] | 在馆 |